| 000 | 00557nam a22001932 4500 | ||
|---|---|---|---|
| 001 | 0000009708 | ||
| 005 | 20151217152058.0 | ||
| 008 | 081119s xx 000 0 eng d | ||
| 040 |
_aKABU _cKABU |
||
| 100 | 1 |
_aGrey, Viscount. _@0000161458 |
|
| 245 | 1 | 0 |
_aTwenty-five years 1892-1916 / _cViscount Grey. |
| 250 | _a1st ed. | ||
| 260 |
_aLondon : _bHodder and Stoughton, _c1935. |
||
| 300 | _a305 p. | ||
| 650 | 0 |
_aWorld War, 1914-1918. _@0000161459 |
|
| 852 | 1 | _9p200 KES | |
| 908 | _a081119 | ||
| 950 | _@1 | ||
| 999 |
_c8001 _d8001 |
||